00782 2200241 4500001002100000005001700021008004100038020003000079035002400109040001200133082001100145090001500156245015800171245003600329260002600365300002500391650001100416700004500427850001200472990001900484990001900503990001800522YOGYA-0411000000042720110406075942.0 ind  a978 - 979 - 033 - 268 - 3 0010-041100000000427 aYOPDYOG a808.51 a808.51 Pid aPidato - pidato yang mengubah dunia : kisah dan petikan pidato - pidato bersejarah /cpenerjemah Haris Munandar ; editor Daniel P. Purba, Yanti Sumiharti aSpeeches That Changed The World aJakartabEsensic2007 a245 hlmbilusc26 cm aPidato aHarisaSumiharti, YantilPurba, Daniel P aYOPDYOG a50790 - PD/B10 a50791 - PD/B10 a50792- PD/B10